| 000 | 00408cam a2200181ua 4500 | ||
|---|---|---|---|
| 020 | _c2.00 | ||
| 041 |
_ahin _h |
||
| 082 |
_a891.54 _bYAS/AB |
||
| 100 | _aYashpal, . | ||
| 245 |
_aAbhishapt / _cYashpal. _hTextual Documents |
||
| 250 |
_a4 / _b. |
||
| 260 |
_aLucknow : _bViplav Karyalay , _c1956. |
||
| 300 | _a140 ; . | ||
| 365 | _a2.00 | ||
| 504 | _a | ||
| 942 | _cBK | ||
| 999 |
_c8434 _d8434 |
||